000 01225nam a2200301Ia 4500
999 _c64395
_d64395
005 20240530110729.0
008 140319s2006 ua a g b 000 0 ara d
017 _a2006/5/1220
_bمصر. دار الكتب
020 _a9957380745
040 _aGCL /
_cGCL
082 0 4 _a025/
_bر ف
_221
100 0 _aربحى مصطفى عليان
245 1 2 _aالفهرسة المتقدمة والمحسوبة :
_bتسجيلة مارك : الميتاداتا او البيانات الوصفية =Advanced and Computerized Cataloging
_cاعداد ربحى مصطفى عليان، وصفى عارف
246 1 1 _aAdvanced and Computerized Cataloging
250 _aط.1
260 _aالقاهرة :
_bدار صفاء،
_c2006.
300 _a415 ص :
_bايض ؛
_c24 سم .
504 _aيشتمل على ارجاعات ببليوجرافية
650 0 7 _aقواعد البيانات
_2qrmak
650 0 7 _aالفهرسة الوصفية
_2qrmak
650 0 7 _aشبكات المكتبات والمعلومات
_2qrmak
650 0 7 _2qrmak
_aالمكتبات، علم
650 0 7 _2qrmak
_aمارك 21
650 0 7 _2qrmak
_aالميتاداتا
651 _2qrmak
700 0 _aوصفى عارف
_eمعد
942 _2ddc
_cBK